000 00300nam a2200121Ia 4500
008 190216s9999||||xx |||||||||||||| ||und||
100 _aThomas Hardy
245 0 _aFar From The Fadding Ground
260 _bSterling Publications
_c1996
300 _a110p
650 _aEnglish Literature
942 _cBK
999 _c13959
_d13959